| 000 | 00747nam a2200229Ia 4500 | ||
|---|---|---|---|
| 003 | GCL | ||
| 008 | 140319s9999 xx 000 0 ara d | ||
| 040 |
_aGCL / _cGCL |
||
| 082 | 0 | 4 |
_a645 _bم ص |
| 100 | 1 | _aمحمد احمد الحسينى | |
| 245 | 1 | 0 |
_aالصناعات الحرفية الصغيرة فى نجارة الاثاث المنزلى / _cمحمد احمد الحسينى |
| 260 |
_a[S.N] : _bمكتبة ابن سيناء ، _c1994 |
||
| 300 | _a235 ص | ||
| 490 | _a | ||
| 650 | 0 | 4 | _aتصميم |
| 650 | 0 | 4 | _aالصناعات اليدوية |
| 650 | 0 | 4 | _aالصناعات الخشبية |
| 650 | 0 | 4 | _aالاقتصاد المنزلى |
| 650 | 0 | 4 | _aالكراسى |
| 650 | 0 | 4 | _aالاثاث المعدنى |
| 942 |
_2ddc _cBK |
||
| 999 |
_c28637 _d28637 |
||